Statistics for WWE Finishers

Click here to take the quiz!

General Stats

  • This quiz has been taken 161 times
    (84 since last reset)
  • The average score is 12 of 14

Answer Stats

WrestlerFinisher% Correct
Rey Mysterio619
96%
Randy OrtonRKO
94%
BatistaBatista Bomb
92%
KaneChokeslam
92%
John CenaAttitude Adjustment
90%
The RockRock Bottom
90%
Triple HPedigree
88%
EdgeSpear
88%
Stone Cold Steve AustinStone Cold Stunner
88%
Shawn MichaelsSweet Chin Music
85%
The UndertakerTombstone Piledriver
85%
SheamusBrogue Kick
77%
Kevin NashJack Knife Powerbomb
60%
Mark HenryWorld's Strongest Slam
60%

Score Distribution

Percentile by Number Answered

Percent of People with Each Score

Your Score History

You have not taken this quiz since the last reset